[Event "Moscow Aeroflot op-A 18th"]
[Site "Moscow"]
[Date "2019.02.21"]
[Round "2"]
[White "Schitco, Ivan"]
[Black "Aleksandrov, Aleksej"]
[Result "0-1"]
[WhiteElo "2426"]
[BlackElo "2574"]
[PlyCount "88"]
[EventDate "2019.02.20"]
[EventType "swiss"]
[EventRounds "9"]
[EventCountry "RUS"]
[SourceTitle "CBM 189"]
[Source "ChessBase"]
[SourceDate "2019.04.29"]
[SourceVersion "1"]
[SourceVersionDate "2019.04.29"]
[SourceQuality "1"]

1. c4 e6 2. g3 d5 3. Bg2 Nf6 4. Nf3 dxc4 5. Qa4+ Nbd7 6. Qxc4 c5 7. Qb3 Rb8 8.
a4 b6 9. d3 Bd6 10. Na3 a6 11. Nc4 Bc7 12. Bd2 O-O 13. O-O Bb7 14. Qa3 Ba8 15.
b4 b5 16. axb5 axb5 17. Na5 Bd6 18. bxc5 Bxc5 19. Qb2 e5 20. Nb3 Bd6 21. Ra6
Bc7 22. Rc1 Re8 23. Qa2 h6 24. Na5 Bb6 25. Nh4 e4 26. d4 Bxd4 27. Nf5 Bd5 28.
Qb1 Bb6 29. Bf4 Ra8 30. Rxa8 Qxa8 31. Nb3 e3 32. f3 Bc4 33. Nd6 Bxe2 34. Nxe8
Qxe8 35. Re1 Bc4 36. Kh1 e2 37. Bd2 Bf2 38. Rc1 Ne5 39. Na5 Nd3 40. Rxc4 bxc4
41. Nxc4 e1=Q+ 42. Bxe1 Qxe1+ 43. Qxe1 Nxe1 44. Bf1 Bc5 0-1

[Event "Moscow Aeroflot op-A 18th"]
[Site "Moscow"]
[Date "2019.02.21"]
[Round "2"]
[White "Sjugirov, Sanan"]
[Black "Puranik, Abhimanyu Sameer"]
[Result "1-0"]
[WhiteElo "2663"]
[BlackElo "2538"]
[PlyCount "85"]
[EventDate "2019.02.20"]
[EventType "swiss"]
[EventRounds "9"]
[EventCountry "RUS"]
[SourceTitle "CBM 189"]
[Source "ChessBase"]
[SourceDate "2019.04.29"]
[SourceVersion "1"]
[SourceVersionDate "2019.04.29"]
[SourceQuality "1"]

1. d4 Nf6 2. c4 g6 3. f3 d5 4. cxd5 Nxd5 5. e4 Nb6 6. Nc3 Bg7 7. Be3 O-O 8. Qd2
Nc6 9. O-O-O f5 10. e5 f4 11. Bxf4 Nb4 12. Bh6 Bf5 13. Bxg7 Kxg7 14. g4 Be6 15.
Kb1 Qe8 16. a3 Nc6 17. Ne4 Bg8 18. Nc5 Rd8 19. e6 Nxd4 20. Ne2 Qc6 21. Qg5 Nxe6
22. Qxe7+ Bf7 23. Rxd8 Nxd8 24. Qe5+ Kg8 25. Ne4 Nd7 26. Qe7 Bd5 27. N2c3 Nb6
28. Ng5 Nf7 29. Nxh7 Rc8 30. Bb5 Qd6 31. Nf6+ Kg7 32. Ncxd5 Nxd5 33. Ne8+ Rxe8
34. Qxe8 Ne5 35. f4 Nxg4 36. Bc4 Nge3 37. Bxd5 Qxd5 38. Qe5+ Qxe5 39. fxe5 Ng4
40. Re1 Nxh2 41. e6 Kf8 42. Rh1 Ng4 43. Rh7 1-0

[Event "Moscow Aeroflot op-A 18th"]
[Site "Moscow"]
[Date "2019.02.21"]
[Round "2"]
[White "Stupak, Kirill"]
[Black "Sethuraman, SP."]
[Result "0-1"]
[WhiteElo "2537"]
[BlackElo "2651"]
[PlyCount "70"]
[EventDate "2019.02.20"]
[EventType "swiss"]
[EventRounds "9"]
[EventCountry "RUS"]
[SourceTitle "CBM 189"]
[Source "ChessBase"]
[SourceDate "2019.04.29"]
[SourceVersion "1"]
[SourceVersionDate "2019.04.29"]
[SourceQuality "1"]

1. d4 e6 2. c4 Nf6 3. Nf3 b6 4. g3 Ba6 5. Qa4 Bb7 6. Bg2 c5 7. dxc5 bxc5 8. O-O
Be7 9. Nc3 O-O 10. Rd1 Qb6 11. Bf4 Rd8 12. Rd2 d6 13. Rad1 h6 14. Qb5 Ne8 15.
h4 Nc6 16. Qxb6 axb6 17. b3 Nb4 18. g4 Bc6 19. g5 e5 20. Be3 f5 21. Rb2 Nc7 22.
Bc1 e4 23. Ne1 d5 24. cxd5 Ncxd5 25. Nxd5 Bxd5 26. Bf4 Rxa2 27. Rxa2 Nxa2 28.
Bc7 Rd7 29. Bxb6 hxg5 30. hxg5 Nc3 31. Rd2 Be6 32. Rc2 Nb1 33. f3 Rd1 34. Ba5
Bxb3 35. Rb2 c4 0-1

[Event "Moscow Aeroflot op-A 18th"]
[Site "Moscow"]
[Date "2019.02.21"]
[Round "2"]
[White "Tabatabaei, Mohammad Amin"]
[Black "Suleymenov, Alisher"]
[Result "1-0"]
[WhiteElo "2590"]
[BlackElo "2428"]
[PlyCount "59"]
[EventDate "2019.02.20"]
[EventType "swiss"]
[EventRounds "9"]
[EventCountry "RUS"]
[SourceTitle "CBM 189"]
[Source "ChessBase"]
[SourceDate "2019.04.29"]
[SourceVersion "1"]
[SourceVersionDate "2019.04.29"]
[SourceQuality "1"]

1. d4 Nf6 2. c4 b6 3. f3 Nc6 4. Nc3 e5 5. d5 Ne7 6. e4 Ng6 7. h4 Bc5 8. Nge2
Nh5 9. Bg5 f6 10. Bd2 O-O 11. Qc2 f5 12. Bg5 Ne7 13. exf5 h6 14. g4 hxg5 15.
hxg5 g6 16. fxg6 Rxf3 17. Rxh5 Rxf1+ 18. Kxf1 Qf8+ 19. Kg2 Qf2+ 20. Kh3 d6 21.
Ne4 Qf3+ 22. Kh2 Bf5 23. Nf6+ Kg7 24. gxf5 Qf2+ 25. Kh3 Nxf5 26. Qe4 Kxg6 27.
Kg4 Be3 28. Rh6+ Kf7 29. Qxf5 Qxe2+ 30. Kh3 1-0

[Event "Moscow Aeroflot op-A 18th"]
[Site "Moscow"]
[Date "2019.02.21"]
[Round "2"]
[White "Vaibhav, Suri"]
[Black "Karthik, Venkataraman"]
[Result "1/2-1/2"]
[WhiteElo "2575"]
[BlackElo "2494"]
[PlyCount "80"]
[EventDate "2019.02.20"]
[EventType "swiss"]
[EventRounds "9"]
[EventCountry "RUS"]
[SourceTitle "CBM 189"]
[Source "ChessBase"]
[SourceDate "2019.04.29"]
[SourceVersion "1"]
[SourceVersionDate "2019.04.29"]
[SourceQuality "1"]

1. c4 Nf6 2. Nc3 g6 3. e4 d6 4. d4 Bg7 5. Nf3 O-O 6. h3 e5 7. d5 a5 8. Be3 Na6
9. g4 Nd7 10. a3 Nb6 11. Rg1 Kh8 12. h4 f5 13. gxf5 gxf5 14. Ng5 Qe8 15. Nb5
Rf6 16. Nxc7 Nxc7 17. Bxb6 Na6 18. Qc2 h6 19. Ne6 Bxe6 20. dxe6 Qc6 21. Be3 f4
22. Bd2 Nc5 23. f3 Qb6 24. Rg2 Nb3 25. Rd1 Rxe6 26. Bc3 Bf6 27. Rh2 Rg8 28. Qf2
Nd4 29. Kd2 Rg3 30. Bxd4 exd4 31. Kc1 Qb3 32. Bd3 Re7 33. Qe2 Be5 34. Kb1 Reg7
35. Rf1 Qb6 36. Qc2 Qd8 37. Ka2 h5 38. Rff2 Qg8 39. Qa4 Qd8 40. Qb5 b6 1/2-1/2

[Event "Moscow Aeroflot op-A 18th"]
[Site "Moscow"]
[Date "2019.02.21"]
[Round "2"]
[White "Van Foreest, Jorden"]
[Black "Sindarov, Javokhir"]
[Result "1-0"]
[WhiteElo "2618"]
[BlackElo "2505"]
[PlyCount "73"]
[EventDate "2019.02.20"]
[EventType "swiss"]
[EventRounds "9"]
[EventCountry "RUS"]
[SourceTitle "CBM 189"]
[Source "ChessBase"]
[SourceDate "2019.04.29"]
[SourceVersion "1"]
[SourceVersionDate "2019.04.29"]
[SourceQuality "1"]

1. e4 e6 2. d4 d5 3. Nc3 Nf6 4. Bg5 Bb4 5. e5 h6 6. Bd2 Bxc3 7. bxc3 Ne4 8. Bc1
c5 9. Qg4 g6 10. Bd3 cxd4 11. Nf3 dxc3 12. O-O Nc6 13. Bxe4 dxe4 14. Qxe4 Qd5
15. Qf4 Bd7 16. Qf6 Rh7 17. Ba3 Qa5 18. Bd6 Qd8 19. Qf4 Ne7 20. Rfd1 Nd5 21.
Qg3 Rc8 22. Rd4 Bc6 23. Rad1 Rh8 24. h4 b6 25. Nh2 h5 26. Nf3 Qd7 27. Ng5 Ba4
28. Rxd5 Bxc2 29. Re1 Rc4 30. Qf3 Bf5 31. Rdd1 c2 32. Rc1 Qc6 33. Qxc6+ Rxc6
34. Re2 f6 35. Nf3 Rc3 36. exf6 Kf7 37. Ng5+ 1-0

[Event "Moscow Aeroflot op-A 18th"]
[Site "Moscow"]
[Date "2019.02.21"]
[Round "2"]
[White "Warmerdam, Max"]
[Black "Vishnu, Prasanna V"]
[Result "1-0"]
[WhiteElo "2450"]
[BlackElo "2524"]
[PlyCount "81"]
[EventDate "2019.02.20"]
[EventType "swiss"]
[EventRounds "9"]
[EventCountry "RUS"]
[SourceTitle "CBM 189"]
[Source "ChessBase"]
[SourceDate "2019.04.29"]
[SourceVersion "1"]
[SourceVersionDate "2019.04.29"]
[SourceQuality "1"]

1. e4 c5 2. Nf3 Nc6 3. d4 cxd4 4. Nxd4 Qb6 5. Nb3 Nf6 6. Nc3 e6 7. a3 a6 8. Bf4
Ne7 9. Qd2 Ng6 10. Bg3 Nh5 11. O-O-O Nxg3 12. hxg3 Qc7 13. f4 b5 14. e5 Bb7 15.
Bd3 b4 16. axb4 Bxb4 17. Bxg6 fxg6 18. Qd3 Bxc3 19. Rxh7 Rxh7 20. Qxg6+ Kf8 21.
Qxh7 Bb4 22. Rh1 Qc4 23. Qg6 Kg8 24. Qh7+ Kf7 25. Qh5+ g6 26. Qh7+ Ke8 27. Qg8+
Bf8 28. Na5 Qe4 29. Nxb7 Qxb7 30. Rh7 Qd5 31. Qf7+ Kd8 32. Qxf8+ Kc7 33. Qa3 g5
34. Qc3+ Kb7 35. Qd3 Qxd3 36. cxd3 Kc6 37. Rg7 gxf4 38. gxf4 Rb8 39. g3 a5 40.
b3 Ra8 41. Kd2 1-0

[Event "Moscow Aeroflot op-A 18th"]
[Site "Moscow"]
[Date "2019.02.21"]
[Round "2"]
[White "Xu, Yi"]
[Black "Jumabayev, Rinat"]
[Result "1-0"]
[WhiteElo "2520"]
[BlackElo "2604"]
[PlyCount "61"]
[EventDate "2019.02.20"]
[EventType "swiss"]
[EventRounds "9"]
[EventCountry "RUS"]
[SourceTitle "CBM 189"]
[Source "ChessBase"]
[SourceDate "2019.04.29"]
[SourceVersion "1"]
[SourceVersionDate "2019.04.29"]
[SourceQuality "1"]

1. e4 e5 2. Nf3 Nc6 3. Bc4 Bc5 4. O-O Nf6 5. d3 O-O 6. Nbd2 h6 7. c3 a5 8. Re1
d6 9. Nf1 Be6 10. Bb5 Bd7 11. Ng3 Ba7 12. h3 Re8 13. Ba4 Qb8 14. d4 b5 15. Bc2
a4 16. Be3 Bb6 17. Qc1 Kh7 18. Nh4 Ng8 19. Nhf5 Qd8 20. dxe5 Bxe3 21. Qxe3 g6
22. e6 fxe6 23. Nd4 Na5 24. e5 Re7 25. Nh5 dxe5 26. Qxe5 Nc4 27. Qg3 Be8 28.
Nf4 e5 29. Nxg6 Bxg6 30. Qxg6+ Kh8 31. Nc6 1-0

[Event "Moscow Aeroflot op-A 18th"]
[Site "Moscow"]
[Date "2019.02.21"]
[Round "2"]
[White "Zhou, Jianchao"]
[Black "Zhu, Jiner"]
[Result "1-0"]
[WhiteElo "2615"]
[BlackElo "2442"]
[PlyCount "161"]
[EventDate "2019.02.20"]
[EventType "swiss"]
[EventRounds "9"]
[EventCountry "RUS"]
[SourceTitle "CBM 189"]
[Source "ChessBase"]
[SourceDate "2019.04.29"]
[SourceVersion "1"]
[SourceVersionDate "2019.04.29"]
[SourceQuality "1"]

1. c4 f5 2. d4 Nf6 3. Nf3 g6 4. e3 Bg7 5. b4 d6 6. Bb2 O-O 7. Be2 c6 8. Nc3 Qe8
9. b5 Nbd7 10. bxc6 bxc6 11. O-O Rb8 12. Rb1 e5 13. dxe5 dxe5 14. Ba3 Rxb1 15.
Qxb1 c5 16. e4 f4 17. Nd5 Ba6 18. Qc2 Qd8 19. Qa4 Nxd5 20. exd5 Qc8 21. Ng5 Nb6
22. Qc2 Qf5 23. Ne4 f3 24. Bxf3 Bxc4 25. Rd1 Bxd5 26. Bxc5 Rc8 27. Rxd5 Nxd5
28. Qb3 Qd7 29. h3 h5 30. Bd6 Qc6 31. Kh2 Qc4 32. Qb7 Nb6 33. Qxa7 Na4 34. Qb7
Nc3 35. Nxc3 Qxc3 36. Be4 Qc1 37. g3 h4 38. Kg2 hxg3 39. Qb3+ Kh7 40. Qxg3 Qh6
41. Be7 Qh5 42. Qb3 Rc1 43. Qf7 Kh6 44. a4 Re1 45. Qf3 Ra1 46. Qe3+ Kh7 47. Bc2
Qh6 48. Bg5 Qh5 49. Bd8 Bf8 50. Qa7+ Kh6 51. Qe3+ Kh7 52. Qa7+ Kh6 53. Qf7 Bg7
54. Be7 Rc1 55. Qc4 Ra1 56. h4 Kh7 57. Bg5 Ra3 58. Bb3 Rxb3 59. Qxb3 Qg4+ 60.
Kf1 Qe4 61. a5 Qh1+ 62. Ke2 Qe4+ 63. Be3 Qg4+ 64. f3 Qg2+ 65. Bf2 e4 66. Qe3
exf3+ 67. Qxf3 Qh2 68. Qd5 Bf6 69. Qe4 Qb8 70. Kf3 Qb5 71. Be1 Qb3+ 72. Qe3
Qd5+ 73. Qe4 Qb3+ 74. Kg2 Qa2+ 75. Kf1 Qa1 76. h5 Bc3 77. Qxg6+ Kh8 78. Qh6+
Kg8 79. Qe6+ Kh7 80. Qf5+ Kg7 81. h6+ 1-0

[Event "Moscow Aeroflot op-A 18th"]
[Site "Moscow"]
[Date "2019.02.22"]
[Round "3"]
[White "Aditya, Mittal"]
[Black "Lomasov, Semen"]
[Result "1-0"]
[WhiteElo "2454"]
[BlackElo "2559"]
[PlyCount "63"]
[EventDate "2019.02.20"]
[EventType "swiss"]
[EventRounds "9"]
[EventCountry "RUS"]
[SourceTitle "CBM 189"]
[Source "ChessBase"]
[SourceDate "2019.04.29"]
[SourceVersion "1"]
[SourceVersionDate "2019.04.29"]
[SourceQuality "1"]

1. d4 Nf6 2. c4 e6 3. Nc3 Bb4 4. e3 c5 5. Bd3 Nc6 6. Nge2 cxd4 7. exd4 d5 8.
cxd5 Nxd5 9. O-O Nce7 10. Bg5 h6 11. Nxd5 Qxd5 12. Qa4+ Nc6 13. Be3 Bd7 14. Nf4
Qd6 15. a3 Ba5 16. Nh5 O-O 17. Qd1 f5 18. Bc4 Kh7 19. Bf4 Qe7 20. d5 exd5 21.
Qxd5 Rfe8 22. b4 Bb6 23. Rae1 Qxe1 24. Qxd7 Bxf2+ 25. Kh1 Re7 26. Qxf5+ g6 27.
Qh3 Bh4 28. Nf6+ Kg7 29. g3 Qxf1+ 30. Bxf1 Bxf6 31. Qxh6+ Kf7 32. Bc4+ 1-0

[Event "Moscow Aeroflot op-A 18th"]
[Site "Moscow"]
[Date "2019.02.22"]
[Round "3"]
[White "Antipov, Mikhail Al"]
[Black "Inarkiev, Ernesto"]
[Result "1-0"]
[WhiteElo "2589"]
[BlackElo "2692"]
[PlyCount "85"]
[EventDate "2019.02.20"]
[EventType "swiss"]
[EventRounds "9"]
[EventCountry "RUS"]
[SourceTitle "CBM 189"]
[Source "ChessBase"]
[SourceDate "2019.04.29"]
[SourceVersion "1"]
[SourceVersionDate "2019.04.29"]
[SourceQuality "1"]

1. c4 e5 2. e3 Nf6 3. Nc3 Bb4 4. Nge2 c6 5. a3 Be7 6. d4 exd4 7. Nxd4 d5 8.
cxd5 Nxd5 9. Bd2 Bf6 10. Nxd5 Bxd4 11. Nc3 Be5 12. Qc2 Qe7 13. Bd3 Nd7 14. Ne4
a5 15. O-O O-O 16. f4 Bc7 17. Rae1 Rd8 18. Bc3 Nf8 19. f5 f6 20. Bc4+ Kh8 21.
Ng5 h6 22. Nf7+ Kh7 23. Nxd8 Bxd8 24. Ba2 Nd7 25. Qb3 Qf8 26. e4 Bc7 27. e5
Nxe5 28. Bxe5 Bxe5 29. Rxe5 fxe5 30. f6 g6 31. Bb1 a4 32. Qc4 Bf5 33. Bxf5 gxf5
34. Qe6 Re8 35. Qxf5+ Kh8 36. f7 Qc5+ 37. Kh1 Rf8 38. Qg6 Qe3 39. h4 e4 40. Kh2
c5 41. Rf5 b5 42. Rg5 Qf4+ 43. Kh3 1-0

[Event "Moscow Aeroflot op-A 18th"]
[Site "Moscow"]
[Date "2019.02.22"]
[Round "3"]
[White "Aryan, Chopra"]
[Black "Iturrizaga Bonelli, Eduardo"]
[Result "1/2-1/2"]
[WhiteElo "2540"]
[BlackElo "2640"]
[PlyCount "93"]
[EventDate "2019.02.20"]
[EventType "swiss"]
[EventRounds "9"]
[EventCountry "RUS"]
[SourceTitle "CBM 189"]
[Source "ChessBase"]
[SourceDate "2019.04.29"]
[SourceVersion "1"]
[SourceVersionDate "2019.04.29"]
[SourceQuality "1"]

1. e4 c5 2. Nf3 Nc6 3. d4 cxd4 4. Nxd4 Nf6 5. Nc3 d6 6. f3 a6 7. Be3 e5 8. Nb3
Be6 9. Be2 Ne7 10. Bf2 Ng6 11. g3 Rc8 12. h4 h5 13. Qd2 Be7 14. O-O-O Qc7 15.
Kb1 O-O 16. Rc1 Qd7 17. Rhd1 Rfe8 18. Ka1 Bf8 19. Be3 b5 20. a3 Qb7 21. Bg5 Nh7
22. Be3 Nf6 23. Bg5 Nh7 24. f4 exf4 25. gxf4 Nxg5 26. hxg5 Rxc3 27. bxc3 Qxe4
28. Bd3 Qa4 29. f5 Qxa3+ 30. Kb1 Bxb3 31. cxb3 Qxb3+ 32. Qb2 Qxb2+ 33. Kxb2 Ne5
34. Ra1 h4 35. Kc2 Rc8 36. Rxa6 b4 37. Be4 Rxc3+ 38. Kb1 Rc8 39. Bd5 Be7 40. g6
Kf8 41. gxf7 Rb8 42. Ra7 Nxf7 43. f6 gxf6 44. Re1 Ne5 45. Rg1 Nf7 46. Re1 Ne5
47. Rg1 1/2-1/2

[Event "Moscow Aeroflot op-A 18th"]
[Site "Moscow"]
[Date "2019.02.22"]
[Round "3"]
[White "Chen, Qi B"]
[Black "Petrosian, Tigran L"]
[Result "0-1"]
[WhiteElo "2443"]
[BlackElo "2595"]
[PlyCount "236"]
[EventDate "2019.02.20"]
[EventType "swiss"]
[EventRounds "9"]
[EventCountry "RUS"]
[SourceTitle "CBM 189"]
[Source "ChessBase"]
[SourceDate "2019.04.29"]
[SourceVersion "1"]
[SourceVersionDate "2019.04.29"]
[SourceQuality "1"]

1. e4 c5 2. Nf3 e6 3. g3 Nc6 4. Bg2 Nf6 5. d3 d5 6. Nbd2 Be7 7. O-O O-O 8. Re1
b5 9. a4 b4 10. exd5 exd5 11. Nb3 Be6 12. Be3 Nd7 13. h4 h6 14. Nh2 Rc8 15. f4
c4 16. Nd4 Nxd4 17. Bxd4 cxd3 18. Qxd3 Nc5 19. Bxc5 Bxc5+ 20. Kh1 Qf6 21. Rad1
Bf5 22. Qb3 Bb6 23. Re2 Rfe8 24. Rxe8+ Rxe8 25. a5 Bf2 26. Qf3 Be1 27. Ng4 Qg6
28. Ne5 Qxg3 29. Qxg3 Bxg3 30. Bxd5 Kf8 31. Nd3 Be4+ 32. Bxe4 Rxe4 33. Kg2 Bxh4
34. Kf3 Rd4 35. Ke3 Bf6 36. Ra1 Rc4 37. Ra4 Be7 38. c3 h5 39. cxb4 h4 40. b3
Rc3 41. b5 h3 42. b6 h2 43. Ra1 Rxb3 44. Rh1 axb6 45. Rxh2 Bd8 46. axb6 Bxb6+
47. Ke2 Bd4 48. Rh8+ Ke7 49. Rc8 Ra3 50. Rc4 Bb6 51. Rb4 Ba7 52. Rb7+ Ke6 53.
Ne5 f6 54. Nc4 Ra2+ 55. Kf3 g6 56. Rb2 Ra4 57. Re2+ Kd7 58. Rd2+ Kc6 59. Rd6+
Kc5 60. Rxf6 Rxc4 61. Rxg6 Bb8 62. Rf6 Kd5 63. Kg4 Bd6 64. Rf5+ Ke6 65. Kg5 Rc1
66. Rf6+ Kd5 67. Rg6 Rf1 68. f5 Bf4+ 69. Kf6 Be5+ 70. Ke7 Ra1 71. f6 Ra7+ 72.
Ke8 Ra8+ 73. Ke7 Ra7+ 74. Ke8 Bc3 75. f7 Bb4 76. Rg5+ Kc6 77. Rg6+ Kc7 78. f8=R
Ra8+ 79. Kf7 Rxf8+ 80. Ke6 Kc6 81. Rg1 Bc3 82. Rc1 Rf3 83. Rc2 Re3+ 84. Kf5 Kd5
85. Ra2 Rf3+ 86. Kg4 Rf8 87. Ra4 Ke5 88. Ra3 Bd4 89. Ra5+ Ke4 90. Ra4 Rg8+ 91.
Kh4 Ke5 92. Rb4 Be3 93. Rg4 Ra8 94. Kg3 Ra3 95. Kg2 Bf4 96. Rg8 Ke4 97. Re8+
Be5 98. Re7 Ra8 99. Kf2 Ra6 100. Re8 Rh6 101. Re7 Rh8 102. Ke2 Rh2+ 103. Ke1
Kd4 104. Re8 Bg3+ 105. Kf1 Kd3 106. Re7 Bf4 107. Kg1 Ra2 108. Re8 Be3+ 109. Kh1
Rf2 110. Rg8 Ke4 111. Rg2 Rf8 112. Kh2 Kf3 113. Rg3+ Kf2 114. Rg2+ Kf1 115. Rg7
Rf3 116. Rh7 Bf4+ 117. Kh1 Rg3 118. Rg7 Rh3# 0-1

[Event "Moscow Aeroflot op-A 18th"]
[Site "Moscow"]
[Date "2019.02.22"]
[Round "3"]
[White "Chigaev, Maksim"]
[Black "Nihal, Sarin"]
[Result "1-0"]
[WhiteElo "2613"]
[BlackElo "2578"]
[PlyCount "79"]
[EventDate "2019.02.20"]
[EventType "swiss"]
[EventRounds "9"]
[EventCountry "RUS"]
[SourceTitle "CBM 189"]
[Source "ChessBase"]
[SourceDate "2019.04.29"]
[SourceVersion "1"]
[SourceVersionDate "2019.04.29"]
[SourceQuality "1"]

1. Nf3 d5 2. g3 Nc6 3. Bg2 e5 4. d3 g6 5. O-O Bg7 6. e4 Nge7 7. exd5 Nxd5 8.
Nc3 Nde7 9. Re1 O-O 10. Rb1 Bg4 11. h3 Be6 12. b4 Nd5 13. Nxd5 Bxd5 14. c4 Bxf3
15. Bxf3 Qc8 16. Bb2 Rd8 17. Bxc6 bxc6 18. Bxe5 Qxh3 19. Bxc7 Rd7 20. Be5 Qf5
21. d4 Rad8 22. Bxg7 Kxg7 23. d5 Qf6 24. b5 cxd5 25. c5 h5 26. c6 Rd6 27. Qe2
d4 28. Qe5 d3 29. Qxf6+ Kxf6 30. Rb4 d2 31. Rf4+ Kg7 32. Rd1 Rd5 33. Rc4 Kf6
34. a4 Ke6 35. Re4+ Kd6 36. Re2 Kc5 37. Rexd2 Rxd2 38. Rxd2 Rc8 39. Rd7 a6 40.
Rb7 1-0

[Event "Moscow Aeroflot op-A 18th"]
[Site "Moscow"]
[Date "2019.02.22"]
[Round "3"]
[White "Fier, Alexandr"]
[Black "Gavrilescu, David"]
[Result "1-0"]
[WhiteElo "2561"]
[BlackElo "2479"]
[PlyCount "55"]
[EventDate "2019.02.20"]
[EventType "swiss"]
[EventRounds "9"]
[EventCountry "RUS"]
[SourceTitle "CBM 189"]
[Source "ChessBase"]
[SourceDate "2019.04.29"]
[SourceVersion "1"]
[SourceVersionDate "2019.04.29"]
[SourceQuality "1"]

1. d4 d5 2. c4 e6 3. Nc3 Bb4 4. a3 Bxc3+ 5. bxc3 Nf6 6. cxd5 exd5 7. e3 Bf5 8.
Ne2 Nc6 9. f3 h5 10. Ng3 Bg6 11. Bd3 Bxd3 12. Qxd3 h4 13. Ne2 Na5 14. O-O Qd7
15. e4 h3 16. g3 dxe4 17. fxe4 Qc6 18. Rf5 Rh5 19. Bg5 O-O-O 20. Nf4 Nxe4 21.
Nxh5 Nxg5 22. Ra2 Nb3 23. Rxg5 g6 24. Qc2 Qf3 25. Re5 gxh5 26. Qxb3 Rxd4 27.
Re1 h4 28. Rf2 1-0

[Event "Moscow Aeroflot op-A 18th"]
[Site "Moscow"]
[Date "2019.02.22"]
[Round "3"]
[White "Gagare, Shardul"]
[Black "Pourramezanali, Amirreza"]
[Result "1/2-1/2"]
[WhiteElo "2495"]
[BlackElo "2529"]
[PlyCount "68"]
[EventDate "2019.02.20"]
[EventType "swiss"]
[EventRounds "9"]
[EventCountry "RUS"]
[SourceTitle "CBM 189"]
[Source "ChessBase"]
[SourceDate "2019.04.29"]
[SourceVersion "1"]
[SourceVersionDate "2019.04.29"]
[SourceQuality "1"]

1. e4 c6 2. d4 d5 3. e5 c5 4. dxc5 e6 5. a3 Bxc5 6. Nf3 Nc6 7. b4 Bb6 8. Bd3 f6
9. Bb2 fxe5 10. Nxe5 Nf6 11. O-O O-O 12. Nd2 Nxe5 13. Bxe5 Bd7 14. Nf3 Be8 15.
c4 Bh5 16. Be2 Ne4 17. c5 Bc7 18. Bxc7 Qxc7 19. Rc1 Qf4 20. Nd4 Bf7 21. g3 Qf6
22. f3 Ng5 23. f4 Ne4 24. Nf3 g5 25. Qd4 gxf4 26. Qxf6 Nxf6 27. gxf4 Kh8 28.
Ne5 Bh5 29. Bd3 Rg8+ 30. Kf2 Ng4+ 31. Nxg4 Rxg4 32. Ke3 Rh4 33. Rf2 Re8 34.
Rcf1 Kg7 1/2-1/2

[Event "Moscow Aeroflot op-A 18th"]
[Site "Moscow"]
[Date "2019.02.22"]
[Round "3"]
[White "Indjic, Aleksandar"]
[Black "Iniyan, Panneerseluam"]
[Result "1-0"]
[WhiteElo "2630"]
[BlackElo "2480"]
[PlyCount "51"]
[EventDate "2019.02.20"]
[EventType "swiss"]
[EventRounds "9"]
[EventCountry "RUS"]
[SourceTitle "CBM 189"]
[Source "ChessBase"]
[SourceDate "2019.04.29"]
[SourceVersion "1"]
[SourceVersionDate "2019.04.29"]
[SourceQuality "1"]

1. d4 Nf6 2. c4 g6 3. Nc3 Bg7 4. Nf3 d6 5. Bg5 O-O 6. e3 Nbd7 7. Be2 e5 8. h3
h6 9. Bh4 g5 10. Bg3 Nh7 11. Qc2 f5 12. O-O-O Qe7 13. Bh2 c6 14. g4 Nb6 15. c5
dxc5 16. Nxe5 cxd4 17. exd4 Qf6 18. Bd3 Be6 19. Ne4 Qe7 20. Ng6 Qb4 21. Nxf8
Nxf8 22. gxf5 Bxa2 23. f6 Ne6 24. fxg7 Nd5 25. Nc3 Bb3 26. Bh7+ 1-0

[Event "Moscow Aeroflot op-A 18th"]
[Site "Moscow"]
[Date "2019.02.22"]
[Round "3"]
[White "Karthikeyan, Murali"]
[Black "Prithu, Gupta"]
[Result "1-0"]
[WhiteElo "2560"]
[BlackElo "2470"]
[PlyCount "53"]
[EventDate "2019.02.20"]
[EventType "swiss"]
[EventRounds "9"]
[EventCountry "RUS"]
[SourceTitle "CBM 189"]
[Source "ChessBase"]
[SourceDate "2019.04.29"]
[SourceVersion "1"]
[SourceVersionDate "2019.04.29"]
[SourceQuality "1"]

1. Nf3 Nf6 2. g3 c5 3. Bg2 Nc6 4. c4 d5 5. cxd5 Nxd5 6. Nc3 Nxc3 7. bxc3 e5 8.
O-O Be7 9. d3 O-O 10. Nd2 Qe8 11. Rb1 Rb8 12. Nc4 Be6 13. f4 Bxc4 14. dxc4 Bf6
15. Qc2 exf4 16. gxf4 b6 17. e4 Be7 18. e5 f6 19. Bd5+ Kh8 20. Qe4 Rc8 21. Bd2
Qd7 22. Kh1 Rfe8 23. Rf3 f5 24. e6 Qd6 25. Qxf5 g6 26. Qh3 Bf6 27. f5 1-0

[Event "Moscow Aeroflot op-A 18th"]
[Site "Moscow"]
[Date "2019.02.22"]
[Round "3"]
[White "Kobalia, Mihail"]
[Black "Dai, Changren"]
[Result "1-0"]
[WhiteElo "2627"]
[BlackElo "2473"]
[PlyCount "101"]
[EventDate "2019.02.20"]
[EventType "swiss"]
[EventRounds "9"]
[EventCountry "RUS"]
[SourceTitle "CBM 189"]
[Source "ChessBase"]
[SourceDate "2019.04.29"]
[SourceVersion "1"]
[SourceVersionDate "2019.04.29"]
[SourceQuality "1"]

1. e4 c5 2. Nf3 Nc6 3. Bb5 g6 4. Bxc6 dxc6 5. d3 Bg7 6. O-O Nf6 7. Bd2 Nd7 8.
Bc3 e5 9. Nbd2 f6 10. a3 Nf8 11. b4 Ne6 12. Nb3 b6 13. bxc5 bxc5 14. Na5 Qc7
15. Nd2 O-O 16. Ndc4 Rb8 17. Rb1 Ba6 18. Bd2 Rbe8 19. Re1 Nd4 20. Nb3 Bxc4 21.
dxc4 Qf7 22. c3 Ne6 23. Be3 Rd8 24. Qc2 Qe7 25. Na5 Qc7 26. Qa4 Rd3 27. Rb7 Qc8
28. Rxa7 f5 29. Nxc6 Kh8 30. exf5 gxf5 31. Ne7 Qd8 32. Nxf5 Qf6 33. g4 Qg6 34.
Ra8 Qxg4+ 35. Ng3 h5 36. Rxf8+ Bxf8 37. Qe8 h4 38. h3 Qxh3 39. Qh5+ Kg8 40.
Qg6+ Kh8 41. Nf5 e4 42. Bh6 Rf3 43. Rxe4 Rxf5 44. Rg4 Ng5 45. Rxg5 Rxg5+ 46.
Qxg5 Bxh6 47. Qxh6+ Kg8 48. Qg5+ Kf7 49. Qf4+ Kg6 50. f3 Kh5 51. a4 1-0

[Event "Moscow Aeroflot op-A 18th"]
[Site "Moscow"]
[Date "2019.02.22"]
[Round "3"]
[White "Moroni, Luca Jr"]
[Black "Stupak, Kirill"]
[Result "1/2-1/2"]
[WhiteElo "2567"]
[BlackElo "2537"]
[PlyCount "113"]
[EventDate "2019.02.20"]
[EventType "swiss"]
[EventRounds "9"]
[EventCountry "RUS"]
[SourceTitle "CBM 189"]
[Source "ChessBase"]
[SourceDate "2019.04.29"]
[SourceVersion "1"]
[SourceVersionDate "2019.04.29"]
[SourceQuality "1"]

1. d4 Nf6 2. c4 e6 3. Nf3 Bb4+ 4. Nbd2 O-O 5. e3 b6 6. Bd3 Bb7 7. O-O d5 8. b3
Be7 9. Bb2 Nbd7 10. Qc2 c5 11. cxd5 exd5 12. Rac1 Bd6 13. dxc5 bxc5 14. Rfe1
Re8 15. Bf5 h6 16. Red1 Qe7 17. Qd3 a5 18. Nf1 Ne4 19. Ng3 Nxg3 20. hxg3 Nf6
21. Qc3 a4 22. Nh4 axb3 23. axb3 Qc7 24. Bb1 Be5 25. Qc2 Bxb2 26. Qxb2 Qb6 27.
Qc3 Ra5 28. Nf5 Rb5 29. Bc2 Bc8 30. Rxd5 Bxf5 31. Rxf5 Rd8 32. Ra1 Qc7 33. Bd3
Qd7 34. Rd1 Qxf5 35. Bxf5 Rxd1+ 36. Kh2 Rd8 37. e4 Rd4 38. f3 g6 39. Bc8 Nd7
40. Ba6 Rb8 41. Bc4 Nb6 42. Qa5 Nxc4 43. Qxc5 Rdd8 44. bxc4 Rbc8 45. Qe3 h5 46.
c5 Rc6 47. f4 Rdc8 48. f5 Rxc5 49. f6 Kh7 50. e5 R5c6 51. Qb3 Re6 52. Qb7 Rf8
53. Qc7 g5 54. g4 h4 55. g3 h3 56. Kxh3 Kg8 57. Kg2 1/2-1/2